[Event "Marburg op-A"]
[Site "Marburg"]
[Date "2023.10.28"]
[Round "4"]
[White "Forster, Lukas"]
[Black "Kersten, Uwe"]
[Result "0-1"]
[WhiteElo "2004"]
[BlackElo "2229"]
[PlyCount "114"]
[EventDate "2023.10.26"]
[EventType "swiss"]
[EventRounds "7"]
[EventCountry "GER"]
[SourceTitle "CB49_2023"]
[SourceDate "2023.12.06"]
[SourceVersion "1"]
[SourceVersionDate "2023.12.06"]
[SourceQuality "1"]

1. e4 e6 2. d4 d5 3. Nc3 Bb4 4. e5 b6 5. a3 Bf8 6. Nf3 Ne7 7. Ne2 Ba6 8. Ng3 Bxf1 9. Nxf1 c5 10. c3 c4 11. h4 Nbc6 12. Qc2 Qd7 13. h5 h6 14. Bf4 Na5 15. g4 Nb3 16. Rb1 Qa4 17. Ne3 0-0-0 18. g5 hxg5 19. Nxg5 Qe8 20. Qe2 b5 21. Qg4 Nc6 22. Nf3 f6 23. Kd1 g5 24. Bg3 f5 25. Qxg5 Be7 26. Qf4 Rxh5 27. Ke2 Qg6 28. Rbg1 Rdh8 29. Rxh5 Qxh5 30. Nf1 Qxf3+ 31. Qxf3 Nbxd4+ 32. cxd4 Nxd4+ 33. Kd1 Nxf3 34. Rg2 Rg8 35. Ne3 d4 36. Ke2 dxe3 37. Kxf3 exf2 38. Rxf2 Rd8 39. Rh2 Rd3+ 40. Kf4 Rd4+ 41. Kf3 Bg5 42. Be1 Rd3+ 43. Kg2 Bf4 44. Rh8+ Rd8 45. Rh7 Rd7 46. Rh8+ Rd8 47. Rh7 Bxe5 48. Rxa7 Bxb2 49. a4 bxa4 50. Rxa4 Rd4 51. Kf3 Re4 52. Bg3 c3 53. Ra7 Rc4 54. Be5 Rc5 55. Bd4 Rd5 56. Ra4 Kb7 57. Rb4+ Ka6 0-1

[Event "Marburg op-A"]
[Site "Marburg"]
[Date "2023.10.26"]
[Round "1"]
[White "Forster, Lukas"]
[Black "Bruns, Patrick"]
[Result "1/2-1/2"]
[WhiteElo "2004"]
[BlackElo "1753"]
[PlyCount "45"]
[EventDate "2023.10.26"]
[EventType "swiss"]
[EventRounds "7"]
[EventCountry "GER"]
[SourceTitle "CB49_2023"]
[SourceDate "2023.12.06"]
[SourceVersion "1"]
[SourceVersionDate "2023.12.06"]
[SourceQuality "1"]

1. e4 c6 2. d4 d5 3. e5 c5 4. dxc5 Nc6 5. f4 e6 6. Be3 Nge7 7. Bd3 d4 8. Bf2 Nd5 9. Qg4 Qa5+ 10. Nd2 Qxc5 11. Ngf3 Ndb4 12. 0-0 Nxd3 13. cxd3 Qc2 14. Nb3 Qxd3 15. Nfxd4 Bd7 16. Rfd1 Qe4 17. Nf3 Qg6 18. Qh3 Be7 19. Nc5 Bc8 20. Rd2 b6 21. Nb3 0-0 22. Rc1 Nb4 23. Bh4 1/2-1/2

[Event "Kiel op 35th"]
[Site "Kiel"]
[Date "2023.08.03"]
[Round "8"]
[White "Lutze, Max"]
[Black "Forster, Lukas"]
[Result "1-0"]
[WhiteElo "1936"]
[BlackElo "2053"]
[PlyCount "87"]
[EventDate "2023.07.29"]
[EventType "swiss"]
[EventRounds "9"]
[EventCountry "GER"]
[SourceTitle "CBM 215 Extra"]
[Source "ChessBase"]
[SourceDate "2023.09.30"]
[SourceVersion "1"]
[SourceVersionDate "2023.09.30"]
[SourceQuality "1"]

1. e4 c5 2. Nf3 d6 3. d4 cxd4 4. Nxd4 Nf6 5. Nc3 a6 6. h3 e5 7. Nde2 h5 8. g3 Be6 9. Bg2 b5 10. Be3 Be7 11. 0-0 Nbd7 12. a4 b4 13. Nd5 Bxd5 14. exd5 0-0 15. c3 bxc3 16. Nxc3 Rb8 17. Qe2 Qa5 18. f4 exf4 19. Bxf4 Rfe8 20. Kh1 Bf8 21. Qc2 Qb4 22. Rf2 Nc5 23. Raf1 Nce4 24. Nxe4 Nxe4 25. Re2 Nf6 26. Bg5 Rxe2 27. Qxe2 Qxb2 28. Qxa6 Nd7 29. Qd3 Ne5 30. Qf5 Qe2 31. Qf2 Qc4 32. Qf4 Qe2 33. Qd2 Qc4 34. a5 Nd3 35. Qe2 Rb2 36. Qe8 Nf2+ 37. Kg1 Qe2 38. Qd7 f6 39. Qe6+ Kh8 40. Rc1 Nxh3+ 41. Qxh3 Qf2+ 42. Kh1 fxg5 43. Qxh5+ Kg8 44. Be4 1-0

[Event "Stuttgart op"]
[Site "Ditzingen"]
[Date "2023.05.18"]
[Round "2"]
[White "Forster, Lukas"]
[Black "Dimitrov, Radoslav"]
[Result "0-1"]
[WhiteElo "2049"]
[BlackElo "2488"]
[PlyCount "49"]
[EventDate "2023.05.18"]
[EventType "swiss"]
[EventRounds "7"]
[EventCountry "GER"]
[SourceTitle "CBM 214 Extra"]
[Source "ChessBase"]
[SourceDate "2023.07.31"]
[SourceVersion "1"]
[SourceVersionDate "2023.07.31"]
[SourceQuality "1"]

1. e4 d5 2. exd5 Nf6 3. d4 Bg4 4. f3 Bf5 5. g4 Bg6 6. c4 e6 7. Nc3 exd5 8. g5 Nfd7 9. Nxd5 Nc6 10. Be3 Nb4 11. Nxb4 Bxb4+ 12. Kf2 0-0 13. Bd3 c5 14. Bxg6 hxg6 15. d5 Re8 16. a3 Ba5 17. Nh3 b5 18. Rc1 bxc4 19. Rxc4 Rb8 20. Rc2 Rb6 21. Bf4 Ne5 22. Bxe5 Rxe5 23. Re2 Rxe2+ 24. Qxe2 Qb8 25. Kg1 0-1

[Event "Neckar op 20th"]
[Site "Deizisau"]
[Date "2023.04.09"]
[Round "7"]
[White "Uphoff, Lennart"]
[Black "Forster, Lukas"]
[Result "1/2-1/2"]
[WhiteElo "2179"]
[BlackElo "2017"]
[PlyCount "38"]
[EventDate "2023.04.06"]
[EventType "swiss"]
[EventRounds "9"]
[EventCountry "GER"]
[SourceTitle "CBM 213 Extra"]
[Source "ChessBase"]
[SourceDate "2023.05.31"]
[SourceVersion "1"]
[SourceVersionDate "2023.05.31"]
[SourceQuality "1"]

1. d4 Nf6 2. c4 e6 3. Nc3 Bb4 4. e3 0-0 5. Bd3 d5 6. Nf3 dxc4 7. Bxc4 c5 8. 0-0 cxd4 9. exd4 b6 10. Bg5 Bb7 11. Qe2 Bxc3 12. bxc3 Nbd7 13. Bd3 Qc7 14. c4 h6 15. Bh4 Nh5 16. Bg3 Nxg3 17. hxg3 Rfd8 18. a4 Rac8 19. Rfd1 Nf6 1/2-1/2

[Event "Bad Woerishofen op 38th"]
[Site "Bad Woerishofen"]
[Date "2023.03.08"]
[Round "6"]
[White "Forster, Lukas"]
[Black "Koepke, Christian"]
[Result "1/2-1/2"]
[WhiteElo "1963"]
[BlackElo "2298"]
[PlyCount "68"]
[EventDate "2023.03.03"]
[EventType "swiss"]
[EventRounds "9"]
[EventCountry "GER"]
[SourceTitle "CBM 213 Extra"]
[Source "ChessBase"]
[SourceDate "2023.05.31"]
[SourceVersion "1"]
[SourceVersionDate "2023.05.31"]
[SourceQuality "1"]

1. e4 c5 2. Nf3 Nf6 3. Nc3 d5 4. e5 Nfd7 5. Nxd5 Nxe5 6. Nxe5 Qxd5 7. Bb5+ Nd7 8. Nxd7 Bxd7 9. Bxd7+ Qxd7 10. Qf3 g6 11. 0-0 Bg7 12. Re1 0-0 13. d3 b6 14. a4 a6 15. h4 h5 16. Bg5 e5 17. Bf6 Rae8 18. Re4 Re6 19. Bxg7 Kxg7 20. b4 Rc8 21. Qe2 Qd6 22. Rc4 b5 23. axb5 axb5 24. bxc5 Rxc5 25. Rxc5 Qxc5 26. Re1 b4 27. Qd2 Rc6 28. Re4 Qxc2 29. Qxc2 Rxc2 30. Rxb4 Rc1+ 31. Kh2 Rc2 32. Kg1 Rc1+ 33. Kh2 Kf6 34. d4 exd4 1/2-1/2

[Event "Deizisau Autumn op 15th"]
[Site "Deizisau"]
[Date "2021.10.31"]
[Round "4"]
[White "Lehmann, Stefan"]
[Black "Forster, Lukas"]
[Result "1-0"]
[WhiteElo "2043"]
[BlackElo "1856"]
[PlyCount "69"]
[EventDate "2021.10.29"]
[EventType "swiss"]
[EventRounds "7"]
[EventCountry "GER"]
[SourceTitle "EXT 2023"]
[Source "ChessBase"]
[SourceDate "2022.10.05"]
[SourceVersion "1"]
[SourceVersionDate "2022.10.05"]
[SourceQuality "1"]

1. e4 c5 2. Nc3 g6 3. d4 Bg7 4. dxc5 Qa5 5. Bd2 Qxc5 6. Nd5 Na6 7. Nf3 Nf6 8. b4 Qd6 9. Bf4 Qe6 10. Ng5 Qc6 11. b5 Nxd5 12. bxc6 Nxf4 13. Bxa6 Bc3+ 14. Kf1 bxa6 15. g3 h6 16. Nxf7 Kxf7 17. gxf4 dxc6 18. Rb1 Bh3+ 19. Ke2 Rhd8 20. Qc1 Rd4 21. Qe3 Bg2 22. f3 Rd2+ 23. Qxd2 Bxd2 24. Rhg1 Bxf4 25. Rxg2 Rd8 26. Rd1 Rb8 27. Rd3 Rb2 28. Rc3 Rxa2 29. Rxc6 e6 30. h4 h5 31. Rg1 a5 32. Rb1 g5 33. hxg5 Bxg5 34. Rb5 Kf6 35. Rf5+ 1-0

[Event "Deizisau Autumn op 15th"]
[Site "Deizisau"]
[Date "2021.10.29"]
[Round "1"]
[White "Forster, Lukas"]
[Black "Koellner, Aaron Noah"]
[Result "0-1"]
[WhiteElo "1856"]
[BlackElo "2158"]
[PlyCount "90"]
[EventDate "2021.10.29"]
[EventType "swiss"]
[EventRounds "7"]
[EventCountry "GER"]
[SourceTitle "CBM 204 Extra"]
[Source "ChessBase"]
[SourceDate "2021.11.30"]
[SourceVersion "1"]
[SourceVersionDate "2021.11.30"]
[SourceQuality "1"]

1. e4 c5 2. Nf3 e6 3. d4 cxd4 4. Nxd4 Nc6 5. Nc3 Qc7 6. Be3 a6 7. Qf3 Bd6 8. 0-0-0 Be5 9. Kb1 Nf6 10. g4 b5 11. g5 Ng8 12. Bg2 Bb7 13. h4 Nge7 14. Rhe1 Rc8 15. Qe2 0-0 16. Ndxb5 axb5 17. Nxb5 Qa5 18. f4 Bb8 19. Rxd7 Nb4 20. Na3 Ba6 21. Qd2 Nec6 22. e5 Qa4 23. Be4 Rfd8 24. Rd1 Nd5 25. Rxd8+ Rxd8 26. Bxd5 Rxd5 27. Qe1 Qe4 28. Bc1 Qxe1 29. Rxe1 Ba7 30. h5 Bf2 31. Re4 Rd1 32. b3 Nd4 33. Kb2 Bb7 34. Rxd4 Bxd4+ 35. c3 Bxc3+ 36. Kc2 Re1 37. Nc4 Be4+ 38. Kxc3 Rxc1+ 39. Kd4 Bd5 40. Ne3 Ra1 41. Nxd5 Rd1+ 42. Kc3 exd5 43. a4 Kf8 44. a5 Ke7 45. f5 Kd7 0-1

[Event "Oberliga Wuerttemberg 2122"]
[Site "Wuerttemberg"]
[Date "2021.09.19"]
[Round "1.6"]
[White "Gold, Stefan"]
[Black "Forster, Lukas"]
[Result "1-0"]
[WhiteElo "1999"]
[BlackElo "1897"]
[PlyCount "85"]
[EventDate "2021.09.19"]
[EventType "team-tourn"]
[EventRounds "9"]
[EventCountry "GER"]
[SourceTitle "EXT 2023"]
[Source "ChessBase"]
[SourceDate "2022.10.05"]
[SourceVersion "1"]
[SourceVersionDate "2022.10.05"]
[SourceQuality "1"]
[WhiteTeam "Nuertingen"]
[BlackTeam "Stuttgart SF II"]
[WhiteTeamCountry "GER"]
[BlackTeamCountry "GER"]

1. d4 Nf6 2. Nf3 g6 3. Bf4 Bg7 4. e3 0-0 5. Be2 c5 6. c3 cxd4 7. cxd4 d5 8. h3 Nc6 9. 0-0 Ne4 10. Nc3 Bf5 11. Qb3 Nxc3 12. bxc3 b6 13. Rac1 Na5 14. Qb4 Rc8 15. Ba6 Rc6 16. Bb5 Rc8 17. Ba6 Rc6 18. Bb5 Rc8 19. Nd2 Be6 20. Ba6 Rc6 21. Bb5 Rc8 22. c4 dxc4 23. Nxc4 Nxc4 24. Bxc4 Bxc4 25. Rxc4 Rxc4 26. Qxc4 Qd7 27. Rc1 h6 28. Qa6 g5 29. Bg3 e5 30. dxe5 Re8 31. e6 Rxe6 32. Rc7 Qd5 33. Qxa7 Re4 34. Rd7 Qc4 35. Qa8+ Kh7 36. Rxf7 Qxf7 37. Qxe4+ Kh8 38. a4 Qb3 39. Qe8+ Kh7 40. Qd7 Kg6 41. Bc7 Qb4 42. g4 Qb1+ 43. Kh2 1-0

[Event "Wuerttemberg-ch KT"]
[Site "Stuttgart"]
[Date "2017.08.30"]
[Round "5"]
[White "Forster, Lukas"]
[Black "Guenther, Stefan"]
[Result "0-1"]
[WhiteElo "1880"]
[BlackElo "1897"]
[PlyCount "104"]
[EventDate "2017.08.26"]
[EventType "swiss"]
[EventRounds "7"]
[EventCountry "GER"]
[SourceTitle "EXT 2019"]
[Source "ChessBase"]
[SourceDate "2018.10.10"]
[SourceVersion "1"]
[SourceVersionDate "2018.10.10"]
[SourceQuality "1"]

1. e4 e5 2. Nf3 Nf6 3. Nxe5 d6 4. Nf3 Nxe4 5. Nc3 Nxc3 6. dxc3 Be7 7. Bf4 0-0 8. Qd2 Nd7 9. 0-0-0 Nc5 10. Bd3 h6 11. h4 Bg4 12. Kb1 Nxd3 13. Qxd3 Bf6 14. Rde1 Qd7 15. Nd4 Rfe8 16. f3 Rxe1+ 17. Rxe1 Bh5 18. Rh1 Bg6 19. Qd2 Re8 20. g4 Qe7 21. g5 Bxd4 22. Qxd4 hxg5 23. hxg5 Qe2 24. Bd2 Qxf3 25. Qh4 f6 26. gxf6 Qxf6 27. Qc4+ Qf7 28. Qh4 Qf5 29. Qa4 Qe4 30. Qxe4 Rxe4 31. Re1 Rh4 32. b4 Kf7 33. Kc1 Rh2 34. c4 Bf5 35. c3 Be6 36. Re4 Rh1+ 37. Kb2 Rh2 38. Kc1 Bf5 39. Rd4 Kf6 40. a4 b6 41. Kd1 Rh1+ 42. Be1 Bc2+ 43. Kd2 Bxa4 44. b5 Rh2+ 45. Ke3 g5 46. Kf3 Bc2 47. Bf2 Rh3+ 48. Bg3 Rh1 49. Ke3 Rd1 50. Rd5 Bb3 51. Ke4 Rg1 52. Bf2 Rg4+ 0-1

[Event "Stuttgart-chB op"]
[Site "Ditzingen"]
[Date "2015.05.16"]
[Round "5"]
[White "Meusel, Rolf"]
[Black "Forster, Lukas"]
[Result "1-0"]
[WhiteElo "1884"]
[BlackElo "1571"]
[PlyCount "97"]
[EventDate "2015.05.17"]
[EventType "swiss"]
[EventRounds "7"]
[EventCountry "GER"]
[SourceTitle "EXT 2018"]
[Source "ChessBase"]
[SourceDate "2017.10.13"]
[SourceVersion "1"]
[SourceVersionDate "2017.10.13"]
[SourceQuality "1"]

1. e4 e6 2. d4 d5 3. exd5 exd5 4. Bd3 Bd6 5. Ne2 Ne7 6. 0-0 0-0 7. c3 c6 8. Bf4 Bf5 9. Bxf5 Nxf5 10. Qd3 Qf6 11. Bxd6 Nxd6 12. Nd2 Re8 13. Ng3 Nd7 14. Rfe1 Re7 15. Rxe7 Qxe7 16. Nf3 f6 17. Re1 Qf7 18. Nf5 Nxf5 19. Qxf5 Re8 20. Kf1 Nf8 21. a4 b6 22. b4 Qg6 23. Qxg6 Rxe1+ 24. Nxe1 Nxg6 25. Nd3 Ne7 26. Ke2 Kf7 27. h4 g6 28. g4 Nc8 29. Ke3 Nd6 30. f3 Ke7 31. Kf4 Ke6 32. g5 Nf7 33. gxf6 Kxf6 34. Kg4 h6 35. f4 g5 36. fxg5+ hxg5 37. h5 Nh6+ 38. Kf3 Nf7 39. Nf2 Nd6 40. Ng4+ Kg7 41. Ne5 Ne4 42. Kg4 Kf6 43. h6 Nd6 44. Nxc6 Kg6 45. h7 Kxh7 46. Kxg5 Ne4+ 47. Kf4 Nxc3 48. a5 bxa5 49. bxa5 1-0

[Event "Stuttgart-chB op"]
[Site "Ditzingen"]
[Date "2015.05.14"]
[Round "1"]
[White "Forster, Lukas"]
[Black "Shahisavandi, Abdollah"]
[Result "1/2-1/2"]
[WhiteElo "1571"]
[BlackElo "1817"]
[PlyCount "76"]
[EventDate "2015.05.17"]
[EventType "swiss"]
[EventRounds "7"]
[EventCountry "GER"]
[SourceTitle "EXT 2018"]
[Source "ChessBase"]
[SourceDate "2017.10.13"]
[SourceVersion "1"]
[SourceVersionDate "2017.10.13"]
[SourceQuality "1"]

1. e4 c5 2. Nf3 Nf6 3. Nc3 d6 4. d4 cxd4 5. Nxd4 Nc6 6. Be3 g6 7. f3 Bg7 8. Qd2 Bd7 9. 0-0-0 a6 10. Kb1 Qa5 11. g4 Nxd4 12. Bxd4 Qc7 13. Bxf6 exf6 14. Qxd6 Qxd6 15. Rxd6 Ke7 16. Rd1 Be6 17. Nd5+ Bxd5 18. Rxd5 b5 19. Be2 Rad8 20. Rhd1 Bh6 21. a3 Bf4 22. Rxd8 Rxd8 23. Rxd8 Kxd8 24. h3 Kc7 25. c4 Kb6 26. Kc2 Kc5 27. Kb3 g5 28. cxb5 axb5 29. Kc3 Be5+ 30. Kc2 Bd4 31. b3 Be5 32. a4 bxa4 33. bxa4 Kd4 34. Kd2 Bc7 35. Bb5 Ke5 36. Ke2 Kf4 37. Be8 Kg3 38. Bxf7 Kxh3 1/2-1/2

[Event "GER-ch U12"]
[Site "Oberhof"]
[Date "2013.05.21"]
[Round "5"]
[White "Forster, Lukas"]
[Black "Simon, Tim"]
[Result "0-1"]
[WhiteElo "1494"]
[BlackElo "1640"]
[PlyCount "100"]
[EventDate "2013.05.19"]
[EventType "swiss"]
[EventRounds "11"]
[EventCountry "GER"]
[SourceTitle "CBM 154 Extra"]
[Source "ChessBase"]
[SourceDate "2013.06.25"]
[SourceVersion "2"]
[SourceVersionDate "2013.06.25"]
[SourceQuality "1"]

1. e4 e6 2. d4 d5 3. Nc3 Nf6 4. Bg5 Be7 5. e5 Nfd7 6. Bxe7 Qxe7 7. f4 0-0 8. Nf3 c5 9. Nb5 Nc6 10. Nd6 f6 11. c3 cxd4 12. cxd4 Nb6 13. Be2 Bd7 14. 0-0 Rab8 15. a3 a6 16. Qe1 Nc8 17. Nxc8 Rbxc8 18. Qg3 Be8 19. Bd3 Na5 20. Qh4 Bg6 21. Bxg6 hxg6 22. Qg3 Nb3 23. Rad1 Rc4 24. Nh4 Nxd4 25. Qf2 Qc5 26. b3 Ne2+ 27. Kh1 Qxf2 28. Rxf2 Re4 29. Nxg6 Rf7 30. Rdf1 Kh7 31. Nh4 fxe5 32. fxe5 Rxf2 33. Rxf2 Rxe5 34. Nf3 Re3 35. Nd2 Nd4 36. g3 Nxb3 37. Nxb3 Rxb3 38. Re2 Rb6 39. Kg2 Kg6 40. h4 Kf5 41. Rf2+ Kg6 42. Kf3 e5 43. g4 Rf6+ 44. Ke3 d4+ 45. Ke2 d3+ 46. Ke1 Rxf2 47. Kxf2 e4 48. Ke3 b5 49. Kd2 a5 50. Kc3 b4+ 0-1

[Event "GER-ch U12"]
[Site "Oberhof"]
[Date "2013.05.20"]
[Round "3"]
[White "Forster, Lukas"]
[Black "Reuker, Jari"]
[Result "0-1"]
[WhiteElo "1494"]
[BlackElo "1802"]
[PlyCount "66"]
[EventDate "2013.05.19"]
[EventType "swiss"]
[EventRounds "11"]
[EventCountry "GER"]
[SourceTitle "CBM 154 Extra"]
[Source "ChessBase"]
[SourceDate "2013.06.25"]
[SourceVersion "2"]
[SourceVersionDate "2013.06.25"]
[SourceQuality "1"]

1. e4 c5 2. Nf3 Nc6 3. d4 cxd4 4. Nxd4 Nf6 5. Nc3 d6 6. Be3 e5 7. Nb3 Be7 8. f3 0-0 9. Qd2 a5 10. Na4 Be6 11. Nb6 a4 12. Nxa8 Qxa8 13. Nc1 d5 14. Bd3 Rd8 15. Qf2 a3 16. c3 d4 17. cxd4 exd4 18. Bf4 Bb4+ 19. Kf1 axb2 20. Qxb2 Bc3 21. Qb1 Qa4 22. Bc2 Bc4+ 23. Nd3 Qa6 24. Ke2 Nb4 25. Rd1 Nd7 26. a3 Nxc2 27. Qxc2 Bxa1 28. Rxa1 Nc5 29. Rd1 f6 30. Bc7 Rc8 31. Bg3 Nxd3 32. Rxd3 Bxd3+ 33. Qxd3 Rc2+ 0-1

[Event "GER-ch U12"]
[Site "Oberhof"]
[Date "2013.05.19"]
[Round "2"]
[White "Grey, Andrea"]
[Black "Forster, Lukas"]
[Result "0-1"]
[WhiteElo "1157"]
[BlackElo "1494"]
[PlyCount "46"]
[EventDate "2013.05.19"]
[EventType "swiss"]
[EventRounds "11"]
[EventCountry "GER"]
[SourceTitle "CBM 154 Extra"]
[Source "ChessBase"]
[SourceDate "2013.06.25"]
[SourceVersion "2"]
[SourceVersionDate "2013.06.25"]
[SourceQuality "1"]

1. Nf3 d5 2. d4 Nc6 3. b3 Bf5 4. a3 e6 5. Bb2 Nf6 6. e3 Bd6 7. c4 0-0 8. Nc3 Re8 9. Nh4 Bg6 10. Nxg6 fxg6 11. Be2 Rf8 12. 0-0 Qe8 13. f3 g5 14. e4 Bf4 15. Qd3 Rd8 16. g3 dxc4 17. bxc4 Rxd4 18. Qc2 Be3+ 19. Kh1 Rd2 20. Qb3 Nd4 21. Qxb7 Nxe2 22. Nb1 Nxg3+ 23. hxg3 Qh5# 0-1